| 000 | 01629cam a2200481 4500 | ||
|---|---|---|---|
| 003 | PE-LiUPU | ||
| 005 | 20250731172700.0 | ||
| 020 | _a0817010416 | ||
| 035 | _a(Sirsi) i9780817010416 | ||
| 035 | _a(Sirsi) 20677 | ||
| 035 | _a(Sirsi) 20677 | ||
| 041 | _aen | ||
| 044 | _aus | ||
| 082 | 0 | 4 |
_a253.004 _bL55 |
| 100 | 1 |
_aPeck, George _eeditor. |
|
| 245 | 1 | 4 |
_aThe Laity in Ministry / _cGeorge Peck, John S. Hoffman, editores. |
| 264 | 1 |
_aValley Forge, PA. : _bJudson Press, _c1989 |
|
| 300 |
_a176 páginas ; _c22 cm. |
||
| 504 | _aIncluye bibliografía | ||
| 505 | 0 | _aEstablishing the concept: Bringing the ministry of the laity into focus -- Ministry of the laity in action: Cases that support the concept -- Grappling with the theological issues -- Steps toward the future: Putting the concept to work | |
| 526 | _aSEG42 | ||
| 526 | _aSEG41 | ||
| 526 | _aSEG40 | ||
| 526 | _aSEG39 | ||
| 526 | _aP94 | ||
| 526 | _aP87 | ||
| 526 | _aP86 | ||
| 526 | _aP85 | ||
| 526 | _aP77 | ||
| 526 | _aP76 | ||
| 526 | _aP35 | ||
| 650 | 1 | 4 | _aMinisterio laico. |
| 700 | 1 |
_aPeck, George _eed. |
|
| 700 | 1 |
_aHoffman, John S. _eed. |
|
| 710 | _aFaculty/Laity Writing Project (Andover Newton Laity Project) | ||
| 942 |
_2ddc _cBOOK |
||
| 949 |
_a253.004 L55 _i43580 _lPOSTGRADO _mBUL _tLIBRO _o.STAFF. Posgrado |
||
| 859 |
_q43580 _h253.004 _iL55 |
||
| 910 | _aaj-hd | ||
| 596 | _a1 | ||
| 999 |
_a253.004 L55 _wDEWEY _c43 _i43580 _f2021-11-10 _g5 _lCCODEBUL1 _mBUL _r0 _sY _tBOOK _u2015-6-16 _xTEOLOGIA _zUNKNOWN _0COMPRA _o.STAFF. Colección General _d43 |
||
| 980 |
_81 _gALBERTO SANCHEZ Responsable de Automatización |
||